000 01008nam a2200277Ia 4500
001 Para_8355
003 CHAP
008 220125s9999 xx 000 0 und d
010 _a207217
040 _cCHAP
082 _aPA-C 595.752 A6
100 _aSmulyan, M.T.
_9107201
245 _aObservations on the life-histories and habits of the species of aphides most commori on the cultivated apple (Malus malus) in Virginia (Vlacksburg) during the season of 1915 /
_c by M.T. Smulyan
300 _a12 p.
440 _aAphidae; 13
_9171222
500 _aSobretiro de: Rep. St. Ent.: 64-75 p. 1916. Encuadernado con otros impresos similares
650 _a
_x Afididos
_x Colecciones de escritos
_x Aphis avenae
_x Anuraphis roseus
_x Aphis pomi
_9173754
710 _aReport of the State Entomologist
_9173753
901 _aPA-C 595.752 A6
902 _aA
905 _a000000 0000000000 00
910 _a
942 _cPARA
942 _cPARA
_d1
999 _c207217
_d207217